Statistiques concernant Culture Générale - Série 1382

Cliquez ici pour prendre le quiz!

Statistiques générales

  • Ce quiz a été pris 134 fois
  • Le résultat moyen est 7 sur 10

Statistiques - réponses

QuestionRéponse% Correct
Selon la Bible, combien de commandements composent le décalogue, remis par Dieu à Moïse ?10
96%
Qu'est-ce qui peut être "généalogique", "à pain" ou "de Noël" ?arbre
93%
Comment appelle-t-on les poils situés au-dessus de l'orbite de l'oeil, et qu'on peut avoir broussailleux ou épilés ?sourcils
92%
Culminant à près de 4810 mètres d'altitude, je suis surnommé "le Toit de l'Europe". Qui suis-je ?mont Blanc
90%
Sous les traits de quel animal Robin des Bois est-il représenté, dans le dessin animé de Walt Disney ?renard
90%
Quel grand fleuve américain traverse la Nouvelle-Orléans ?Mississippi
76%
Selon le titre d'une série télévisée avec Bruce Lee, de quelle couleur est "Le Frelon" qui lutte contre le crime ?vert
75%
Lors du match de qualification pour la Coupe du monde 2010 France-Irlande, quel joueur a fait scandale en se servant de sa main ?Thierry Henry
58%
Quel saxophoniste américain, prénommé Charlie, était appelé "Bird" ou "Yardbird" ?Charlie Parker
39%
En 1980, quelle ville a accueilli les jeux Olympiques d'été ?Moscou
33%

Distribution des résultats

Percentile par nombre de réponses

% des personnes avec chaque résultat

Votre développement - résultats

Vous n’avez pas pris ce quiz